Man behind the gun : a western /

Saved in:
Bibliographic Details
Main Author: Paine, Lauran, 1916-
Format: Book
Language:English
Published: London : Hammond, 1960, c1958.
LEADER 00737nam a2200205 a 4500
001 c000090669
003 CARM
005 00000000000000.0
008 930701c19601958enk 00011 eng d
019 1 |a 10154785  |5 LACONCORD2021 
035 |a (OCoLC)221488434  |5 LACONCORD2021 
040 |a VLINC  |c VLINC 
100 1 |a Paine, Lauran,  |d 1916- 
245 1 0 |a Man behind the gun :  |b a western /  |c by Lauran Paine. 
260 |a London :  |b Hammond,  |c 1960, c1958. 
300 |a 160 p. ;  |c 19 cm. 
852 8 |b CARM  |h A2:AE24H0  |i A01249  |p 0120730  |f BK 
082 0 4 |a 813.54  |2 20 
999 f f |i 432cf6f7-0ae9-59c5-be27-f5253b1e7ec6  |s 9c783905-2499-5f12-893e-e3de9857003a 
952 f f |p Can circulate  |a CAVAL  |b CAVAL  |c CAVAL  |d CARM 1 Store  |e A01249  |f A2:AE24H0  |h Other scheme  |i book  |m 0120730